Mathematical models in the health sciences : (Record no. 1643)

MARC details
000 -LEADER
fixed length control field 00822nac a22002051u 4500
010 ## - LIBRARY OF CONGRESS CONTROL NUMBER
LC control number 79009481
020 ## - INTERNATIONAL STANDARD BOOK NUMBER
International Standard Book Number 0816608644 :
082 00 - DEWEY DECIMAL CLASSIFICATION NUMBER
Classification number 610.2854
Item number A1823
090 ## - LOCALLY ASSIGNED LC-TYPE CALL NUMBER (OCLC); LOCAL CALL NUMBER (OCLC)
-- 1643
-- 1643
100 ## - MAIN ENTRY--PERSONAL NAME
Personal name Ackerman, Eugene,
245 10 - TITLE STATEMENT
Title Mathematical models in the health sciences :
Remainder of title a computer-aided approach /
Statement of responsibility, etc Eugene Ackerman, LaeÌ(l Cranmer Gatewood.
260 ## - PUBLICATION, DISTRIBUTION, ETC. (IMPRINT)
Place of publication, distribution, etc Minneapolis :
Name of publisher, distributor, etc University of Minnesota Press,
Date of publication, distribution, etc c1979.
300 ## - PHYSICAL DESCRIPTION
Extent xiii, 357 p. :
Other physical details ill. ;
Dimensions 24 cm.
504 ## - BIBLIOGRAPHY, ETC. NOTE
Bibliography, etc Includes bibliographies and index.
650 #0 - SUBJECT ADDED ENTRY--TOPICAL TERM
Topical term or geographic name as entry element Medicine
General subdivision Mathematical models.
650 #0 - SUBJECT ADDED ENTRY--TOPICAL TERM
Topical term or geographic name as entry element Medicine
General subdivision Data processing.
700 1# - ADDED ENTRY--PERSONAL NAME
Personal name Gatewood, LaeÌ(l Cranmer,
942 ## - ADDED ENTRY ELEMENTS (KOHA)
Item type Book - Borrowing
Call number prefix 610.2854A1823
Holdings
Withdrawn status Item status Damaged status Not for loan Home library Current library Shelving location Date acquired Source of acquisition Total Checkouts Full call number Barcode Date last seen Koha item type
        Central Library Central Library First floor 21/11/2006 Purchase   610.2854 ACK 000002698 15/07/2025 Book - Borrowing